| 000 | 00613nam a2200205 a 4500 | ||
|---|---|---|---|
| 005 | 20210219152842.0 | ||
| 008 | 991125n 000 0 eng u | ||
| 035 | _aUPN01000063152 | ||
| 100 | _aHorning, Alice C. | ||
| 222 | _aCOLLEGE COMPOSITION AND COMMUNICATION | ||
| 245 | _aAdvising undecided students through research writing | ||
| 300 | _a80-84 | ||
| 362 | _a1991 42, no. 1 | ||
| 653 | 0 | _aDOCUMENTOS DE INVESTIGACION (ESTUDIANTES) | |
| 653 | 0 | _aESCRITURA (COMPOSICION) | |
| 653 | 0 | _aEXPLORACION PROFESIONAL | |
| 653 | 0 | _aINVESTIGACION DE ESTUDIANTES | |
| 904 |
_aAC _b000963 |
||
| 905 | _aArticulo | ||
| 999 |
_c62007 _d62007 |
||